| 000 | 00768nam a2200205 a 4500 | ||
|---|---|---|---|
| 001 | 000037906 | ||
| 005 | 20240508073817.0 | ||
| 008 | 130308s2012 dr 000 0 spa d | ||
| 020 | _a9789945074611 | ||
| 040 |
_aDO-SdBNP _bspa _cBNPHU |
||
| 100 | 1 |
_aMontolío, Andrés Julio _964349 |
|
| 245 | 1 | 3 |
_aEl tratado de Ryswick y otros temas / _cAndrés Julio Montolío ; editor Andrés Blanco Díaz. |
| 260 |
_aSanto Domingo : _bArchivo General de la Nación, _c2012. |
||
| 300 |
_a499 p. ; _c24 cm. |
||
| 490 | 1 |
_aArchivo General de la Nación _vv. 171 |
|
| 500 | _aIncluye índice onomástico | ||
| 500 | _aIncluye datos biográficos del autor en la solapa de la cubierta | ||
| 500 | _aIncluye notas al pie de las páginas | ||
| 700 | 1 |
_aBlanco Díaz, Andrés _eed. _9172 |
|
| 999 |
_c37396 _d37396 |
||